Jaki jest główny powód gdy kobieta zrywa z mężczyzną - Statystyki

Ogólne statystyki
  • Ten quiz został rozwiązany 59 razy
  • Średni wynik to 1 z 5
Statystyki odpowiedzi
Odpowiedź % Poprawnych
Zdrada
100%
Alkohol
11%
Agresja
4%
Brak współżycia
0%
Jest nudny
0%
Nie znaleziono quizów pasujących do podanych kryteriów
Rozkład punktacji
Procent ludzi z każdym wynikiem
Percentyl według liczby udzielonych odpowiedzi
Twoja historia wyników
Nie rozwiązałeś tego quizu